000
00253nmm a2200085Ia 4500
008
220120s9999||||xx |||||||||||||||||und||
100
_a
PCQ December 2009
245
0
_a
20 best tools of 2009, 12 network mgmt tools, 10 developers
260
_a
Cyber tech
_c
2009
999
_c
139437
_d
139437